000 00423nam a2200181Ia 4500
001 15556
005 20260306170204.0
008 260306t2007||||xx |||||||||||||| ||und||
041 _aESP
082 _a546
_bS747 V. 1
100 _aShriver, Duward Felix
_eAUT
245 0 _aQuímica inorgánica
260 _c2007
300 _a615 páginas :
_c25 cm.
650 _aGEN
654 _aCCN
942 _cLIB
_dJUS
_fJUS
_2ddc
_n
999 _c15556
_d15556